01010nam a22002177a 45000010005000000030006000050050017000110080041000280200018000690400029000870820008001161000022001242450077001462600037002233000058002605050007003185200372003255210027006975210018007246500050007428451FISKH20250912114946.0250912b cb ||||| |||| 00| 0 eng d a9798176932416 aFISKHbengcFISKHdFISKH a808 aMoarais, Patrick  aThe useful long tail :bMoral stories seriescEdited by : Patrick Morais aSDN BHD : bKiddz Bookz, c2006. a16 unnumbered pages : bcolor illustrations ; c30 cm aJ  aThe Useful Long Tail tells the story of a long-tailed animal who discovers the practical benefits of its tail. The narrative emphasizes themes such as resourcefulness and the value of one's unique attributes. The book is part of a broader collection aimed at teaching young children foundational moral lessons through engaging storytelling and colorful illustrations.8 a500 bLexile estimate 8 aJ bRaz-Plus  aMoral Lessons vAnimal Stories xFriendship